Pisa International Airport Destinations (Pisa, Italy) - Statistics

General Stats
  • This quiz has been taken 134 times
    39 since last reset
  • The average score is 59 of 78
Answer Stats
Airline Destination % Correct
Aegean Airlines Athens
100%
Ryanair Dublin
100%
easyJet London (Gatwick)
100%
British Airways London (Heathrow)
100%
easyJet London (Luton)
100%
easyJet London (Southend)
100%
Ryanair London (Stansted)
100%
airBaltic Riga
100%
Norwegian Air Shuttle/Ryanair/Scandinavian Airlines Stockholm (Arlanda)
100%
Jet2.com/Ryanair Birmingham
96%
Ryanair Budapest
96%
Ryanair Edinburgh
96%
Air Dolomiti Frankfurt
96%
Norwegian Air Shuttle Helsinki
96%
Ryanair Madrid
96%
easyJet/Jet2.com/Ryanair Manchester
96%
Norwegian Air Shuttle/Scandinavian Airlines Oslo
96%
easyJet/Transavia Paris (Orly)
96%
easyJet/Ryanair Berlin
93%
Ryanair/Wizz Air Bucharest (Otopeni)
93%
Norwegian Air Shuttle/Ryanair/Scandinavian Airlines Copenhagen
93%
flydubai Dubai (International)
93%
Ryanair/Wizz Air Warsaw (Chopin)
93%
Ryanair Zagreb
93%
Transavia Amsterdam
89%
Ryanair Glasgow (Prestwick)
89%
Ryanair Ibiza
89%
Ryanair Lisbon
89%
Ryanair Porto
89%
Ryanair Seville
89%
Ryanair Kraków
86%
Ryanair Palermo
86%
Ryanair Palma de Mallorca
86%
Ryanair Valencia
86%
Ryanair Malta
82%
Ryanair Bari
79%
easyJet Bristol
79%
Ryanair Catania
79%
Ryanair Gothenburg
79%
Jet2.com Leeds/Bradford
79%
Ryanair Málaga
79%
Ryanair Brussels
75%
Ryanair Sofia
75%
Ryanair Wrocław
75%
Ryanair Gdańsk
71%
Ryanair Marrakesh
71%
Ryanair/Wizz Air Tirana
71%
Ryanair Beauvais
68%
Ryanair Cagliari
68%
Air Arabia Casablanca
68%
Ryanair Corfu
68%
Ryanair Gran Canaria
68%
Wizz Air Katowice
68%
Ryanair Prague
68%
Ryanair Rhodes
68%
Ryanair Alghero
64%
Ryanair Charleroi
64%
Eurowings Cologne (Bonn)
64%
Volotea Olbia
64%
Ryanair Brindisi
61%
Ryanair Chania
61%
Ryanair Bratislava
57%
Ryanair Kos
57%
Volotea Nantes
54%
Ryanair Zadar
54%
Ryanair Amman (Queen Alia)
50%
Ryanair Eindhoven
50%
Ryanair Fuerteventura
50%
Ryanair Lamezia Terme
50%
Ryanair Kaunas
46%
Ryanair Trapani
46%
Ryanair Memmingen
43%
Ryanair Girona
36%
Ryanair Kefalonia
36%
Ryanair Reggio Calabria
32%
Small Fly Airlines Elba
29%
Ryanair Skiathos
29%
Ryanair Sandefjord
18%
No matching quizzes found
Score Distribution
Percent of People with Each Score
Percentile by Number Answered
Your Score History
You have not taken this quiz since the last reset